Κοινωνική δομή και αριστερά : προσεγγίσεις : μεταβολές στην δεκαετία '80-'90

Αποθηκεύτηκε σε:
Λεπτομέρειες βιβλιογραφικής εγγραφής
Κύριος συγγραφέας: Τσουκαλάς, Κωνσταντίνος 1937-
Μορφή: Βιβλίο
Γλώσσα:Greek
Δημοσίευση: Αθήνα : Σύγχρονη Εποχή, 1990
Θέματα:
Ετικέτες: Προσθήκη ετικέτας
Δεν υπάρχουν, Καταχωρήστε ετικέτα πρώτοι!

MARC

LEADER 00000nam a2200000 i 4500
001 1/103207
008 950512s1990 gre d
020 |a 960-224-243-4 
035 |l 10012801 
040 |a GR-MY-UA  |b gre  |e aacr 
041 0 |a gre 
082 0 |a 306.209495 
100 1 |a Τσουκαλάς, Κωνσταντίνος  |d 1937- 
245 1 0 |a Κοινωνική δομή και αριστερά :  |b προσεγγίσεις : μεταβολές στην δεκαετία '80-'90 /  |c Κ. Τσουκαλάς ... [κ.ά.] 
260 |a Αθήνα :   |b Σύγχρονη Εποχή,   |c 1990 
300 |a 358 σ.  |b πιν. 
504 |a Περιέχει βιβλιογραφία 
650 0 0 |a Social structure  |z Greece. 
852 |a INST  |b LESVOS  |e 19950512  |h 306.209495 ΚΟΙ  |p 005100000849  |q 005100000849  |t BK  |y 0 
852 |a INST  |b RHODES  |e 20010320  |h 306.209495 ΚΟΙ  |p 005400008064  |q 005400008064  |t BK  |y 0 
909 |a Λ  |b 025075 
909 |a Ρ  |b 019770 
922 |a 1ΠΑΡ  |b 199301  |c ΠΠ/2167 
922 |a 3ΕΛΗ  |b 199104 
970 |a ΚΑΜΑΤΣΟΥ  |b ΔΕΣΠΟΙΝΑ  |z 2000/01/19